000
00310nam a22001217a 4500
005
20230823142534.0
008
230823b |||||||| |||| 00| 0 eng d
022
_a
9770972535008
245
_a
CASE FOLIO: The IUP Journal of management case studies
260
_a
HYDERABAD
_b
IUP
300
_a
73;p
942
_c
JRL
999
_c
8412
_d
8410